000
00286nam a22001337a 4500
008
181102b xxu||||| |||| 00| 0 eng d
020
_a
9780801670664
041
_a
eng
080
_a
610.73
100
_a
2
101
_a
INF
245
_a
Community CPR
_c
Cranston,R
942
_2
udc
_c
BK
999
_c
51671
_d
51671